| 000 | 00662cam a22002531 4500 | ||
|---|---|---|---|
| 001 | 7047825 | ||
| 003 | OSt | ||
| 005 | 20230627114558.0 | ||
| 008 | 760716s1964 pau 000 0 eng | ||
| 010 | _a 64008214 | ||
| 035 | _a(OCoLC)2314682 | ||
| 040 |
_aDLC _cOAkU _dDLC |
||
| 042 | _apremarc | ||
| 082 |
_a335.432 _bBOY |
||
| 100 | 1 | _aBoynton, John. | |
| 245 | 1 | 0 | _aAims and means. |
| 260 |
_aChester Springs, Pa., _bDufour Editions _c[1964] |
||
| 300 |
_a110 p. _c19 cm. |
||
| 490 | 0 | _aA Background book | |
| 650 | 0 | _aCommunist strategy. | |
| 650 | 0 | _aPropaganda, Communist. | |
| 906 |
_a7 _bcbc _coclcrpl _du _encip _f19 _gy-gencatlg |
||
| 942 |
_2ddc _cBK |
||
| 999 |
_c2854 _d2854 |
||